000 00612nam a2200229Ia 4500
003 OSt
005 20221007065003.0
006 a|||||r|||| 00| 0
007 ta
008 221006b |||||||| |||| 00| 0 eng d
024 _a17,581
037 _cTextual
040 _aFLL
_cFLL
_beng
041 _2eng
_aeng
082 _aX7291:Z251qN5, L4
100 _aSaini S.P. Au.
_9686498
245 0 _aDelhi sales tax law
260 _aDelhi
_bSaini Law Pub. India
_c1974
300 _axliv,432p
_ccm.
942 _hX7291:Z251qN5, L4
_cTEXL
_2CC
999 _c1135948
_d1135948